000 00657nam a22002057a 4500
999 _c259354
_d259353
003 OSt
005 20220923144552.0
008 220923b xxu||||| |||| 00| 0 eng d
010 _a2019001414
020 _a9781138060289 (Hardback)
020 _a9781138060296 (Paperback)
040 _aDLC
_bEng
_cDLC
_dDLC
_erda
050 _aJC319
_b.G595 2019
100 _aEdkins Jenny & Maja Zehfuss
_e[Editors]
245 _aGlobal politics :
_ba new introduction
_ceditors
250 _aThird Edition.
260 _aLondon ; New York :
_bRoutledge,Taylor & Francis Group,
_c 2019.
300 _axxviii, 613 pages :
_b illustrations ;
_c25 cm
942 _2lcc
_cBK